Elektrická gitara

Saved in:
Bibliographic Details
Main Author: Legel, Miroslav (Author)
Other Authors: Paliatka, Peter (Thesis advisor)
Format: Manuscript Book
Language:Slovak
Published: Bratislava 2017
Subjects:
Online Access:http://is.stuba.sk/zp/portal_zp.pl?podrobnosti=133714
Tags: Add Tag
No Tags, Be the first to tag this record!

MARC

LEADER 00000ntm a22000003a 4500
001 stuzp65711
003 SK-STU
005 20210208091314.2
007 ta
008 150427s2015----xo-----f-mn---000-0-slo-d
040 |a STU  |b slo 
041 0 |a slo 
100 1 |a Legel, Miroslav  |u 059190  |4 aut  |U FAD Fakulta architektúry  |T FA Ústav dizajnu  |X 70455  |U A9190  |Y 400  |7 70455 
242 0 1 |a Electric guitar  |y eng 
245 1 0 |a Elektrická gitara 
260 |c 2017  |a Bratislava 
650 4 |a ergonómia  |2 slo 
650 4 |a drevo  |2 slo 
650 4 |a gitara  |2 slo 
650 4 |a dizajn  |2 slo 
650 4 |a nástroj  |2 slo 
650 4 |a snímač  |2 slo 
650 4 |a guitar  |2 eng 
650 4 |a instrument  |2 eng 
650 4 |a design  |2 eng 
650 4 |a wood  |2 eng 
650 4 |a ergonomy  |2 eng 
650 4 |a pickups  |2 eng 
700 1 |a Paliatka, Peter  |u 059190  |k Z1  |4 ths  |U FAD Fakulta architektúry  |T FA Ústav dizajnu  |X 332  |U A9190  |Y 400  |7 A000000332 
856 4 |u http://is.stuba.sk/zp/portal_zp.pl?podrobnosti=133714  |u https://opac.crzp.sk/?fn=detailBiblioForm&sid=7521CD21230D5DBDE77EFA90A9CE